Calles con sabor a historia : de la calle abajo a la calle arriba a la cisneros (Registro nro. 731280)

Detalles MARC
001 - NÚMERO DE CONTROL
campo de control 1439002
005 - FECHA Y HORA DE LA ÚLTIMA TRANSACCIÓN
campo de control 20240202123439.0
008 - DATOS DE LONGITUD FIJA--INFORMACIÓN GENERAL
campo de control de longitud fija 160421e20141205 spa
035 ## - NÚMERO DE CONTROL DEL SISTEMA
Número de control de sistema 1439002
040 ## - FUENTE DE LA CATALOGACIÓN
Centro/agencia transcriptor comduadb
041 ## - CÓDIGO DE LENGUA
Código de lengua del texto/banda sonora o título independiente spa
100 10 - ENTRADA PRINCIPAL--NOMBRE DE PERSONA
Nombre de persona Valencia Montoya, Nubia del S
Código de función aut
Término indicativo de función/relación Autor/a
9 (RLIN) 331571
245 10 - MENCIÓN DE TÍTULO
Título Calles con sabor a historia : de la calle abajo a la calle arriba a la cisneros
650 ## - PUNTO DE ACCESO ADICIONAL DE MATERIA--TÉRMINO DE MATERIA
Término de materia o nombre geográfico como elemento de entrada Calles - Medellín (Antioquia)
9 (RLIN) 177168
650 ## - PUNTO DE ACCESO ADICIONAL DE MATERIA--TÉRMINO DE MATERIA
Término de materia o nombre geográfico como elemento de entrada Calle Bolivar (Medellin)
9 (RLIN) 66070
650 ## - PUNTO DE ACCESO ADICIONAL DE MATERIA--TÉRMINO DE MATERIA
Término de materia o nombre geográfico como elemento de entrada Medellín (Antioquia)
9 (RLIN) 36127
773 0# - ENLACE AL DOCUMENTO FUENTE/ENTRADA DE REGISTRO ANFITRIÓN
Título Huellas de Ciudad : Revista del Centro de Historia de Bello (Antioquia)
Parte(s) relacionada(s) Volumen 14, Número 16, Diciembre 2014-Abril 2015 , 103-112
Número de control del registro 934330
Número Internacional Normalizado para Publicaciones Seriadas 1900-9267
Número bibliográfico anfitrión 358933
942 ## - ELEMENTOS DE ENTRADA AGREGADA (KOHA)
Tipo de ítem Koha Artículo de Revista

No hay ítems disponibles.